Mirabel... ou Mirabelle ? - Statistiques

Statistiques générales
  • Ce quiz a été pris 9 854 fois
    9 827 depuis la dernière actualisation
  • Le résultat moyen est 7 sur 15
Statistiques - réponses
Question Réponse % Correct
Possède une chaîne Youtube officielle Mirabel
79%
A eu un reportage dédié sur France 2 Les deux
75%
Est jaune sur le dessus Les deux
62%
Est associé à la Lorraine Mirabelle
56%
A déjà été la star d'un festival Les deux
55%
A déjà rempli le Stade de France Aucun des deux
51%
A des origines perses Mirabelle
46%
Porte le même nom qu'une station de sports d'hiver Aucun des deux
45%
Est au cœur d'un évènement sportif réunissant chaque année des centaines d'adeptes Mirabelle
45%
Possède la page Wikipedia la plus longue Mirabel
34%
Est le préféré des Français dans sa catégorie Aucun des deux
26%
Est lié au zèbre Mirabel
26%
Dispose d'un label Les deux
22%
Est l'homonyme de plusieurs communes françaises (même orthographe) Mirabel
18%
Possède un autre quiz étoilé à son sujet sur JetPunk Aucun des deux
13%
Aucun quiz correspondant
Distribution des résultats
% des personnes avec chaque résultat
Percentile par nombre de réponses
Votre historique - résultats
Vous n’avez pas pris ce quiz depuis la dernière actualisation